000 00367nam a2200133Ia 4500
008 240624s9999 xx 000 0 und d
041 _aeng
082 _a658.3 NAI
100 _aNAIK CHITRA ATMARAM
245 _aHUMAN RESOURCE MANAGEMENT MANAGING PEOPL
260 _c2010
_aNew Delhi
_bAne Books Pvt. Ltd.
300 _axvii, : 252 : p. : cm. ; 23
365 _cRS
_b30
999 _c16183
_d16183